000 00921nmm a2200289 a 4500
001 ocm0001864580
003 TR-IsHL
005 20201028171652.0
008 180329s2013 tu tur
007 cr cn
020 _a9786051510323
035 _a1864580
_b(N$T)
050 0 4 _aPL248.A756
_bB8 2013
090 0 4 _aPL248.A756
_bB8 2013
100 1 _aAsımgil, Sevim
245 1 0 _aBu kalp seni unutur mu?
_h[electronic resource] /
_cSevim Asımgil ; editör Erol Şahnacı
250 _aBirinci basım
260 _aİstanbul :
_bHayat Yayınları,
_c2013
300 _a321 p.
650 4 _aDil ve Edebiyat
650 4 _aLanguage and Literature
650 0 _aTürk romanı
650 0 _aTurkish fiction
650 7 _aLITERARY COLLECTIONS / Middle Eastern
_2bisacsh
700 1 _aŞahnacı, Erol
856 4 0 _uhttp://search.ebscohost.com/login.aspx?direct=true&scope=site&db=e011xww&AN=1864580
999 _c16817
_d16817